NLSUI OPAC header image

Report of the committee on industrial sickness and corporate restructuring (Record no. 25790)

MARC details
000 -LEADER
fixed length control field 00410nam a2200157Ia 4500
008 - FIXED-LENGTH DATA ELEMENTS--GENERAL INFORMATION
fixed length control field 160316s9999 xxu||||| |||| 00| 0 eng d
082 ## - DEWEY DECIMAL CLASSIFICATION NUMBER
Classification number 346.068300
Item number GOS
100 ## - MAIN ENTRY--PERSONAL NAME
Personal name Goswami Omkar
245 ## - TITLE STATEMENT
Title Report of the committee on industrial sickness and corporate restructuring
250 ## - EDITION STATEMENT
Edition statement
260 ## - PUBLICATION, DISTRIBUTION, ETC.
Place of publication, distribution, etc. New Delhi
Name of publisher, distributor, etc. Govt. of India Press
Date of publication, distribution, etc. 0
300 ## - PHYSICAL DESCRIPTION
Extent 104p
Other physical details
Dimensions
365 ## - TRADE PRICE
Price amount
650 ## - SUBJECT ADDED ENTRY--TOPICAL TERM
Topical term or geographic name entry element
700 ## - ADDED ENTRY--PERSONAL NAME
Personal name
--
Holdings
Withdrawn status Lost status Damaged status Not for loan Home library Current library Shelving location Date acquired Total Checkouts Full call number Barcode Date last seen Price effective from Koha item type
        NLS NLS   30/05/2017   346.0683 GOS REP3014 30/05/2017 30/05/2017 Repository